| 000 | 00439cam a22001337a 4500 | ||
|---|---|---|---|
| 008 | 180718b1993 xxu||||| |||| 00| 0 eng d | ||
| 020 | _a0932088791 | ||
| 082 | _aC41 M136 | ||
| 100 | _aMcColm, R. Bruce | ||
| 245 |
_aFreedom in the world: the annual survey of political rights and civil liberties, 1992-1993 _cby R. Bruce McColm et.al. |
||
| 260 |
_aNew York _bFreedom House _c1993 |
||
| 300 | _a637p. | ||
| 650 | _aCivil rights - Periodicals | ||
| 999 |
_c491848 _d491848 |
||